| 000 | 00831nam a22002057a 4500 | ||
|---|---|---|---|
| 005 | 20100913114125.0 | ||
| 020 |
_a9788178847726 _c1800.00 |
||
| 037 | _bPansy Books | ||
| 082 | _a338.4779603 | ||
| 100 |
_aThakur, K.C. _919665 |
||
| 245 |
_aEncyclopaedia of sports economics theory, evidence and policy / _cby K.C. Thakur (and) Prem Nagpal |
||
| 260 |
_aNew Delhi _bCyber Tech Publications _c2011 |
||
| 270 |
_bNew Delhi _a4264/3, Ansari Road, Daryaganj, _e110002 |
||
| 300 |
_a256p. _c26cm(Hb) |
||
| 490 |
_aIncludes bibliographical references and index _919666 |
||
| 700 |
_aNagpal, Prem _919667 |
||
| 942 |
_2ddc _cEN _h338.4779603 _mTHA |
||
| 999 |
_c45314 _d45314 |
||